000 00707nam a2200193 4500
999 _c16322
_d16322
008 211122b ||||| |||| 00| 0 eng d
022 _a0732-8435
082 _aDPer 657.05 C33 Apr - Sept 2016, v86 n4-9
100 _aSalerno, David F.
_943715
245 _aChanges to accounting for repurchase agreements/
_cDavid F. Salerno, John A. Ruddy and Murli Rajan.
260 _aNew York:
_bThe New York State Society of CPA,
_c©2016.
300 _av86 n8, pages 50-53:
_billustrations;
_c28 cm.
500 _aThe CPA Journal
650 _aAccounting.
_943716
650 _aContracts
_xAccounting.
_943717
700 _aRuddy, J. A.
_eAuthor.
_943718
700 _aRajan, M.
_eAuthor.
_943719
942 _2ddc
_cPER